书目信息 |
| 题名: |
房地产市场营销理论与实务
|
|
| 作者: | 楼江 编著 | |
| 分册: | ||
| 出版信息: | 上海 同济大学出版社 2003.9 |
|
| 页数: | 182页 | |
| 开本: | 26cm | |
| 丛书名: | 高等院校房地产核心课程系列教材 | |
| 单 册: | ||
| 中图分类: | F299.233.5 , F293.35 | |
| 科图分类: | ||
| 主题词: | 房地产--市场营销学--中国 , 房地产 , 市场营销学 | |
| 电子资源: | ||
| ISBN: | 7-5608-2695-4 | |
| 000 | 00829nam2 2200277 45 | |
| 001 | 012004000000 | |
| 005 | 20050426084925.11 | |
| 010 | @a7-5608-2695-4@dCNY 19.00 | |
| 100 | @a20040920d2003 em y0chiy0121 ea | |
| 101 | 0 | @achi |
| 102 | @aCN@b310000 | |
| 105 | @aak z 000yy | |
| 200 | 1 | @a房地产市场营销理论与实务@Afang di chan shi chang ying xiao li lun yu shi wu@f楼江编著 |
| 210 | @a上海@c同济大学出版社@d2003.9 | |
| 215 | @a182页@c图, 表格@d26cm | |
| 225 | 2 | @a高等院校房地产核心课程系列教材 |
| 320 | @a本书含参考文献 | |
| 410 | 0 | @12001 @a高等院校房地产核心课程系列教材 |
| 606 | 0 | @a房地产@x市场营销学@y中国 |
| 606 | 0 | @a房地产 |
| 606 | 0 | @a市场营销学 |
| 690 | @aF299.233.5@v4 | |
| 690 | @aF293.35@v3 | |
| 701 | 0 | @a楼江@Alou jiang@4编著 |
| 801 | 0 | @aCN@bQSSKlw@c20050426 |
| 905 | @a10447@dF293.35@eL775 | |
| 房地产市场营销理论与实务/楼江编著.-上海:同济大学出版社,2003.9 |
| 182页:图, 表格;26cm.-(高等院校房地产核心课程系列教材) |
| ISBN 7-5608-2695-4:CNY 19.00 |
| ● |
| 相关链接 |
|
|
|
正题名:房地产市场营销理论与实务
索取号:F293.35/L775
 
预约/预借
| 序号 | 登录号 | 条形码 | 馆藏地/架位号 | 状态 | 备注 |
| 1 | 441971 | 204419717 | 社科库409/409社科库 113排1列1层/ [索取号:F293.35/L775] | 在馆 | |
| 2 | 441972 | 204419726 | 社科库409/409社科库 113排1列1层/ [索取号:F293.35/L775] | 在馆 | |
| 3 | 441973 | 204419735 | 社科库409/409社科库 113排1列1层/ [索取号:F293.35/L775] | 在馆 |